[Event "Gaprindashvili Cup Open II Stage 2020"]
[Site "Online"]
[Date "2020.11.08"]
[Round "4.13"]
[White "Morchiashvili, Bachana"]
[Black "Liponava, Zurab"]
[Result "1-0"]
[WhiteElo "2313"]
[BlackElo "1800"]
[Annotator "TA"]
[PlyCount "65"]
[EventDate "2020.11.04"]
[EventType "swiss"]
[SourceTitle "playchess.com"]
[Source "ChessBase"]
[SourceQuality "1"]

{[%evp 15,65,90,104,71,100,79,160,123,147,141,146,145,141,132,142,125,206,202,201,191,194,178,291,208,354,299,499,506,497,219,445,440,440,427,439,412,416,417,491,505,454,277,273,287,264,270,539,540,519,435,606,597]} 1. d4 Nf6 2. Nf3 c5 3. d5 e6 4. c4 d6 5. Nc3 e5 6. e4 g6 7. Be2 Bg7 8. O-O O-O 9. Rb1 {9.Bg5 is becoming the main line. E94: King's Indian: Classical: 6 Be2 e5 7 0-0: Various Black 7th moves.} h6 {[#]} 10. Ne1 $146 ({Predecessor:} 10. a3 Nbd7 11. b4 b6 12. Ne1 Ne8 13. Qc2 f5 14. exf5 gxf5 15. f3 Ndf6 16. bxc5 bxc5 17. Bd3 Nh5 18. g3 Qf6 19. Bd2 Kh8 {1-0 (49) Henk,M (2065)-Grosser,W Germany 1997}) 10... g5 ({Better is} 10... Nh7) 11. Be3 {White is clearly better.} a6 12. b4 b6 13. bxc5 bxc5 14. Nd3 Ne8 15. Bg4 f5 (15... Bxg4 $16 {might work better.} 16. Qxg4 Nd7) 16. Bxf5 $18 Bxf5 17. exf5 Rxf5 18. Qg4 Rf8 (18... Qd7 $142 19. h4 Rf8 20. Qe6+ Qxe6 21. dxe6 Nc6 22. hxg5 hxg5) 19. Ne4 Ra7 (19... Qd7 $142 20. Qe6+ Qxe6 21. dxe6 Nc6) 20. Qe6+ Kh8 $2 {[#]} (20... Rff7 21. h4 Nd7 22. hxg5 Nf8) 21. h4 $1 {[%mdl 512]} gxh4 22. Rb3 (22. Bxh6 Nd7 $18) (22. f4 $142) 22... a5 $2 (22... Nd7 {keeps fighting.} 23. Rfb1 (23. Nxd6 Nxd6 24. Qxd6 Rf6 $14) (23. Bxh6 Ndf6 $18) 23... Ndf6) 23. Rfb1 Na6 24. Rb7 Rxb7 25. Rxb7 {Black must now prevent Rd7.} Nac7 26. Qg6 Qe7 27. Ndxc5 (27. Bxh6 Qf7 $18) 27... dxc5 28. Bxc5 Qf7 {[#]} 29. Qxf7 $1 Rxf7 30. d6 {Hoping for Bb6.} Nxd6 $2 (30... Kg8 31. Ba3 (31. dxc7 Rxc7 32. Rxc7 Nxc7 $18) 31... Bf8) 31. Bxd6 {White is clearly winning.} Rf4 32. Nc5 ({Weaker is} 32. Bxc7 Rxe4 33. c5 (33. Bxa5 Rxc4 34. a3 Rc1+ 35. Kh2 Bf6 $14) 33... Rc4 $14) 32... h3 33. Rxc7 {Black did not feel at home in the position after the opening. Av CentiPawn Loss W=-33/B=-59. Weighted=-36/-80} 1-0

[Event "Gaprindashvili Cup Open II Stage 2020"]
[Site "Online"]
[Date "2020.11.08"]
[Round "4.14"]
[White "Patsia, Zviad"]
[Black "Chanturia, Lasha"]
[Result "1-0"]
[WhiteElo "2204"]
[BlackElo "1761"]
[Annotator "TA"]
[PlyCount "91"]
[EventDate "2020.11.04"]
[EventType "swiss"]
[SourceTitle "playchess.com"]
[Source "ChessBase"]
[SourceQuality "1"]

{[%evp 19,91,42,48,-33,0,0,4,-6,-10,-40,-47,-75,-53,-115,-30,-45,0,-124,-97,-90,-47,-66,-47,-41,-37,-41,0,-37,-40,-35,-38,-38,-40,-35,-35,-38,-30,-32,-30,-35,-30,-30,234,235,230,236,246,239,232,232,221,225,894,893,835,788,646,626,1871,1282,5431,5439,5431,5431,5422,5422,5422,5422,5406,5406,5066,5052,5052,4952]} 1. Nf3 Nf6 2. g3 g6 3. Bg2 Bg7 4. O-O O-O 5. c4 d5 6. cxd5 Nxd5 7. Nc3 c6 8. d4 Nd7 9. e4 Nxc3 10. bxc3 e5 11. d5 {D74: Fianchetto Grünfeld: Main Line (5 Nf3 0-0 6 cxd5 Nxd5 7 0-0).} (11. Qc2 $14) 11... Nb6 {[%cal Rc6d5]} 12. dxc6 bxc6 13. Ba3 {The position is equal.} Re8 {[#]} 14. Qxd8 $146 ({Predecessor:} 14. Qe2 Be6 15. Rfd1 Qc8 16. Ng5 Bc4 17. Qe1 h6 18. Bh3 Qa6 19. Nxf7 Bxf7 20. Bd6 {1-0 (34) Primbetov,K (2207)-Lopez Rueda,J (1884) chess.com INT 2020}) 14... Rxd8 15. Rfd1 Be6 16. Bd6 {[#]} ({White should try} 16. Bf1 $15) 16... Nc4 (16... f6 $1 $17 17. Bc7 Rxd1+ 18. Rxd1 Bf8) 17. Bc5 Nb6 18. Bd6 {[#]} (18. Rxd8+ $11 {keeps the balance.} Rxd8 19. a4) 18... f6 $1 $17 19. Bf1 Rd7 {aiming for ...Rad8.} 20. Bc5 Rad8 {[%cal Ba8d8,Bd8d7,Bd7b7][%mdl 32]} 21. Rxd7 Rxd7 22. a4 Nc4 23. Bxc4 Bxc4 24. Be3 Rb7 25. Nd2 Bd3 26. a5 a6 27. Bb6 Bf8 28. f3 Rd7 29. Kf2 Bb5 30. Ke1 {Hoping for c4.} Rd3 $2 {[%mdl 8192] This costs Black the game.} (30... Bh6 $11 {and Black stays safe.} 31. Ra2 Rd3) 31. c4 $18 Bb4 32. cxb5 Rxd2 33. Ra4 Rxh2+ 34. Rxb4 cxb5 {[%mdl 4096] Endgame KRB-KR} 35. Rb3 Rg2 $2 (35... h5 36. Rc3 Kf7 37. Rc7+ Ke8 38. Rc8+ Kd7 39. Rd8+ Kc6) 36. Bf2 {White is clearly winning.} Rh2 37. Kf1 f5 38. Kg1 Rh5 39. Rc3 fxe4 40. fxe4 Rg5 41. Rc6 Rg4 42. Rxa6 Rxe4 43. Ra8+ Kf7 44. a6 Ra4 45. a7 Kg7 46. Rb8 {Av CentiPawn Loss W=-32/B=-78. Weighted=-44/-67} 1-0

[Event "Gaprindashvili Cup Open II Stage 2020"]
[Site "Online"]
[Date "2020.11.08"]
[Round "4.15"]
[White "Didmanidze, Tengiz"]
[Black "Kachkachishvili, Lasha"]
[Result "1/2-1/2"]
[WhiteElo "1922"]
[BlackElo "1681"]
[Annotator "TA"]
[PlyCount "115"]
[EventDate "2020.11.04"]
[EventType "swiss"]
[SourceTitle "playchess.com"]
[Source "ChessBase"]
[SourceQuality "1"]

{[%evp 12,115,54,46,51,59,54,52,60,22,24,16,107,91,115,109,117,97,100,95,92,84,114,114,109,65,113,61,83,43,52,39,34,32,116,109,133,98,91,85,134,0,3,0,8,8,8,8,12,0,5,-42,-42,-47,-47,-278,-278,-272,-267,-254,-246,-499,-354,-286,-8,-8,-8,-8,-8,-599,-598,-482,-11,-132,0,-215,-217,-217,0,0,0,0,0,0,0,0,0,0,0,0,0,0,0,0,0,0,0,0,0,0,0,-29986,0,0,0,0]} 1. d4 Nf6 2. c4 g6 3. Nc3 Bg7 4. e4 d6 5. h3 O-O 6. Nf3 Nc6 7. d5 Ne5 {7...Nb4 is setting a new trend. E90: King's Indian: Classical: Early deviations and 6 h3.} 8. Nxe5 dxe5 9. Be2 e6 {White is slightly better.} 10. O-O exd5 11. cxd5 {[#]} c6 $146 (11... Ne8 $11 {remains equal.}) ({Predecessor:} 11... Ne8 12. Be3 h6 13. Qd2 Kh7 14. Rac1 Nd6 15. Bd3 f5 16. exf5 gxf5 17. f4 e4 {1-0 (40) Grivas,E (2482)-Montaser,K (1726) Sharjah 2016}) 12. dxc6 $1 $16 bxc6 13. Be3 $36 {[%mdl 2048] Keeping Black busy.} Be6 14. Qa4 Qc7 15. Rac1 Rfd8 16. Rfd1 h6 17. b3 Bf8 18. Nb1 c5 19. Nd2 (19. Bc4 $16) 19... Rab8 20. Rc2 a5 21. Qa3 Rb4 22. f3 c4 (22... Nh5 $14) 23. Qc1 Bc5 24. Nxc4 {Threatens to win with Rxd8+.} Rxd1+ 25. Bxd1 Bxc4 26. Rxc4 (26. Bxc5 $1 $16 Qxc5+ 27. Kh2) 26... Rxc4 $11 27. bxc4 Bxe3+ 28. Qxe3 Qxc4 29. Bb3 Qd4 30. Qxd4 exd4 {[%mdl 4096] Endgame KB-KN} 31. g4 Nd7 32. f4 g5 33. fxg5 $2 (33. Kg2 $15) 33... hxg5 $19 34. Bd5 Ne5 35. Kf2 Kg7 36. a4 $2 (36. Kg3) 36... f6 37. Kg3 Kf8 $2 ({Black should play} 37... Nd3 $19 38. Bc6 Kf7) 38. h4 $1 $11 gxh4+ 39. Kxh4 Ke7 {...Nd3 is the strong threat.} 40. Kg3 $2 {[%mdl 8192]} (40. g5 $1 $11) 40... Kd6 $19 41. Kf4 Kc5 $2 (41... Ng6+ $1 $19 42. Kf3 Kc5) 42. Kf5 (42. Bb3 $1 $11 {was the only way to keep the balance.}) 42... d3 (42... Nc4 $1 $17 43. Bxc4 Kxc4) 43. Bb3 $2 {[#]} (43. g5 $1 $11 {and White is okay.}) 43... Kd4 $1 {aiming for ...d2.} 44. Bd1 {[#]} d2 $2 ({Better is} 44... Nd7 $1 $19 {Hoping for ...Nc5.} 45. Bf3 Nc5) 45. Kxf6 $11 {And now g5 would win.} Nd3 46. g5 Nf2 {[%mdl 64] Double Attack} 47. Bh5 $1 Nxe4+ 48. Kg6 $1 Kc3 49. Kh6 {[#]} Nxg5 $1 {[%mdl 512]} 50. Kxg5 {KB-KPP} Kc2 51. Kf4 d1=Q 52. Bxd1+ Kxd1 {KP-KP} 53. Ke4 {White threatens Kd3 and mate.} Kc2 54. Kd4 {Intending Kc4 and mate.} Kb3 55. Kd3 Kxa4 {( -> ...Kb3)} 56. Kc4 Ka3 57. Kc3 a4 58. Kc2 {Av CentiPawn Loss W=-33/B=-53. Weighted=-38/-38} 1/2-1/2

[Event "Gaprindashvili Cup Open II Stage 2020"]
[Site "Online"]
[Date "2020.11.08"]
[Round "4.17"]
[White "kiladze, Luka"]
[Black "Kupatadze, Tornike"]
[Result "1-0"]
[WhiteElo "1786"]
[BlackElo "1657"]
[Annotator "NA RC"]
[PlyCount "49"]
[EventDate "2020.11.04"]
[EventType "swiss"]
[SourceTitle "playchess.com"]
[Source "ChessBase"]
[SourceQuality "1"]
[TimeControl "1500+5"]

1. d4 {[%emt 0:00:02]} g6 {[%emt 0:00:05]} 2. e4 {[%emt 0:00:03]} Bg7 {[%emt 0:00:02]} 3. Nc3 {[%emt 0:00:03]} d6 {[%emt 0:00:01]} 4. Be3 {[%emt 0:00:01]} Nc6 {[%emt 0:00:02]} 5. d5 {[%emt 0:00:01]} Ne5 {[%emt 0:00:19]} 6. f4 {[%emt 0:00:03]} Nd7 {[%emt 0:00:05]} 7. Nf3 {[%emt 0:00:21]} e5 {[%emt 0:00:19]} 8. dxe6 {[%emt 0:00:25]} fxe6 {[%emt 0:00:03]} 9. Bc4 {[%emt 0:00:03]} Nb6 {[%emt 0:00:41]} 10. Bb3 {[%emt 0:00:12]} Nf6 {[%emt 0:00:34]} 11. O-O {[%emt 0:00:12]} O-O {[%emt 0:00:06]} 12. Ng5 {[%emt 0:00:43]} Re8 {[%emt 0:00:59]} 13. f5 {[%emt 0:00:23]} gxf5 {[%emt 0:00:04]} 14. exf5 {[%emt 0:00:04]} d5 {[%emt 0:00:01]} 15. Bxb6 {[%emt 0:00:58]} axb6 {[%emt 0:01:34]} 16. fxe6 {[%emt 0:01:15]} c6 {[%emt 0:01:53]} 17. Qd3 {[%emt 0:01:08]} h6 {[%emt 0:02:20]} 18. Nf7 {[%emt 0:03:05]} Qe7 {[%emt 0:03:00]} 19. Qg6 {[%emt 0:00:07]} h5 {[%emt 0:00:50]} 20. Nh6+ {[%emt 0:00:07]} Kh8 {[%emt 0:00:07]} 21. Rxf6 {[%emt 0:02:32]} Qxf6 {[%emt 0:01:50]} 22. Qxe8+ {[%emt 0:00:07]} Kh7 {[%emt 0:00:02]} 23. Nf7 {[%emt 0:00:02]} Qf4 {[%emt 0:01:08]} 24. Qe7 {[%emt 0:01:30]} Bxe6 {[%emt 0:01:49]} 25. Ng5+ {[%emt 0:00:45]} 1-0

[Event "Gaprindashvili Cup Open II Stage 2020"]
[Site "Online"]
[Date "2020.11.08"]
[Round "4.18"]
[White "Tsanatsqenishvili, Alexandre"]
[Black "Gogolashvili, Giorgi"]
[Result "1-0"]
[WhiteElo "1702"]
[BlackElo "1448"]
[Annotator "NA RC"]
[PlyCount "121"]
[EventDate "2020.11.04"]
[EventType "swiss"]
[SourceTitle "playchess.com"]
[Source "ChessBase"]
[SourceQuality "1"]
[TimeControl "1500+5"]

1. e4 {[%emt 0:00:02]} e6 {[%emt 0:00:04]} 2. d4 {[%emt 0:00:03]} d5 {[%emt 0:00:02]} 3. Nd2 {[%emt 0:00:03]} Nf6 {[%emt 0:00:03]} 4. e5 {[%emt 0:00:05]} Nfd7 {[%emt 0:00:02]} 5. Bd3 {[%emt 0:00:02]} c5 {[%emt 0:00:02]} 6. c3 {[%emt 0:00:02]} Nc6 {[%emt 0:00:01]} 7. Ne2 {[%emt 0:00:01]} Qb6 {[%emt 0:00:02]} 8. Nf3 {[%emt 0:00:05]} cxd4 {[%emt 0:00:02]} 9. cxd4 {[%emt 0:00:02]} f6 {[%emt 0:00:01]} 10. exf6 {[%emt 0:00:03]} Nxf6 {[%emt 0:00:02]} 11. O-O {[%emt 0:00:02]} Bd6 {[%emt 0:00:01]} 12. Re1 {[%emt 0:01:24]} O-O {[%emt 0:00:04]} 13. Bf4 {[%emt 0:00:14]} Nxd4 {[%emt 0:00:07]} 14. Nfxd4 {[%emt 0:01:38]} e5 {[%emt 0:00:05]} 15. Bg3 {[%emt 0:01:27]} exd4 {[%emt 0:00:04]} 16. Nxd4 {[%emt 0:00:03]} Bxg3 {[%emt 0:00:48]} 17. hxg3 {[%emt 0:00:08]} Ng4 {[%emt 0:00:27]} 18. Re2 {[%emt 0:00:36]} Qh6 {[%emt 0:00:18]} 19. Nf3 {[%emt 0:01:55]} Rxf3 {[%emt 0:00:32]} 20. Re8+ {[%emt 0:00:04]} Rf8 {[%emt 0:00:02]} 21. Bxh7+ {[%emt 0:00:20]} Kxh7 {[%emt 0:05:41]} 22. Rxf8 {[%emt 0:00:04]} Qh2+ {[%emt 0:06:46]} 23. Kf1 {[%emt 0:00:05]} Qh1+ {[%emt 0:00:32]} 24. Ke2 {[%emt 0:00:05]} Qxd1+ {[%emt 0:01:56]} 25. Rxd1 {[%emt 0:00:10]} b6 {[%emt 0:00:25]} 26. Kf3 {[%emt 0:02:14]} Ne5+ {[%emt 0:01:53]} 27. Ke3 {[%emt 0:00:04]} Bb7 {[%emt 0:01:19]} 28. Rxa8 {[%emt 0:01:00]} Bxa8 {[%emt 0:00:05]} 29. Kd4 {[%emt 0:00:03]} Nc4 {[%emt 0:03:16]} 30. b3 {[%emt 0:01:51]} Nd6 {[%emt 0:00:44]} 31. Ke5 {[%emt 0:00:13]} Nf7+ {[%emt 0:00:34]} 32. Ke6 {[%emt 0:01:09]} Kg6 {[%emt 0:00:41]} 33. f4 {[%emt 0:00:12]} Nd8+ {[%emt 0:00:31]} 34. Kd7 {[%emt 0:02:04]} Nc6 {[%emt 0:00:11]} 35. Kd6 {[%emt 0:04:11]} d4 {[%emt 0:00:19]} 36. g4 {[%emt 0:00:31]} Kf6 {[%emt 0:00:05]} 37. a3 {[%emt 0:00:36]} a6 {[%emt 0:00:06]} 38. Rd3 {[%emt 0:00:49]} a5 {[%emt 0:00:05]} 39. Rh3 {[%emt 0:00:31]} Bb7 {[%emt 0:00:07]} 40. Rh8 {[%emt 0:00:25]} d3 {[%emt 0:00:03]} 41. Rh3 {[%emt 0:00:07]} Ne7 {[%emt 0:00:09]} 42. Rxd3 {[%emt 0:00:25]} Bxg2 {[%emt 0:00:02]} 43. Re3 {[%emt 0:00:42]} Nd5 {[%emt 0:00:05]} 44. Re5 {[%emt 0:00:05]} Ne3 {[%emt 0:00:07]} 45. Rxe3 {[%emt 0:00:05]} b5 {[%emt 0:00:03]} 46. Rc3 {[%emt 0:00:06]} Bf1 {[%emt 0:00:03]} 47. a4 {[%emt 0:00:14]} g6 {[%emt 0:00:07]} 48. axb5 {[%emt 0:00:05]} Bxb5 {[%emt 0:00:02]} 49. Rc5 {[%emt 0:00:04]} Be2 {[%emt 0:00:05]} 50. g5+ {[%emt 0:00:13]} Kf7 {[%emt 0:00:02]} 51. Rxa5 {[%emt 0:00:02]} Bf1 {[%emt 0:00:07]} 52. Ra7+ {[%emt 0:00:03]} Kg8 {[%emt 0:00:04]} 53. Ke6 {[%emt 0:00:03]} Bd3 {[%emt 0:00:01]} 54. Kf6 {[%emt 0:00:03]} Bf5 {[%emt 0:00:03]} 55. b4 {[%emt 0:00:06]} Bd3 {[%emt 0:00:04]} 56. Ra8+ {[%emt 0:00:09]} Kh7 {[%emt 0:00:02]} 57. Kf7 {[%emt 0:00:21]} Bc4+ {[%emt 0:00:04]} 58. Kf8 {[%emt 0:00:01]} Bd5 {[%emt 0:00:05]} 59. Ra3 {[%emt 0:00:05]} Bf3 {[%emt 0:00:07]} 60. Rxf3 {[%emt 0:00:04]} Kh8 {[%emt 0:00:02]} 61. Rh3# {[%emt 0:00:02]} 1-0

[Event "Gaprindashvili Cup Open II Stage 2020"]
[Site "Online"]
[Date "2020.11.08"]
[Round "4.19"]
[White "Nemsadze, Daviti"]
[Black "Tsanatsqenishvili, Giorgi"]
[Result "1-0"]
[WhiteElo "1690"]
[BlackElo "1631"]
[Annotator "NA RC"]
[PlyCount "111"]
[EventDate "2020.11.04"]
[EventType "swiss"]
[SourceTitle "playchess.com"]
[Source "ChessBase"]
[SourceQuality "1"]
[TimeControl "1500+5"]

1. d4 {[%emt 0:00:24]} Nf6 {[%emt 0:00:04]} 2. c4 {[%emt 0:00:03]} g6 {[%emt 0:00:02]} 3. Nf3 {[%emt 0:00:04]} Bg7 {[%emt 0:00:02]} 4. g3 {[%emt 0:00:01]} O-O {[%emt 0:00:01]} 5. Bg2 {[%emt 0:00:02]} d6 {[%emt 0:00:01]} 6. O-O {[%emt 0:00:01]} Nc6 {[%emt 0:00:02]} 7. Nc3 {[%emt 0:00:53]} e5 {[%emt 0:00:10]} 8. d5 {[%emt 0:00:04]} Ne7 {[%emt 0:00:06]} 9. e4 {[%emt 0:00:13]} h6 {[%emt 0:00:11]} 10. h3 {[%emt 0:00:14]} Ne8 {[%emt 0:00:20]} 11. Be3 {[%emt 0:00:16]} f5 {[%emt 0:00:03]} 12. Qd2 {[%emt 0:01:27]} Kh7 {[%emt 0:00:31]} 13. Rae1 {[%emt 0:00:13]} Nf6 {[%emt 0:00:22]} 14. exf5 {[%emt 0:00:41]} Nxf5 {[%emt 0:00:03]} 15. Qc2 {[%emt 0:00:33]} Nxe3 {[%emt 0:00:47]} 16. Rxe3 {[%emt 0:00:15]} Bf5 {[%emt 0:02:52]} 17. Qe2 {[%emt 0:00:37]} g5 {[%emt 0:00:44]} 18. Nd2 {[%emt 0:00:26]} Qd7 {[%emt 0:01:14]} 19. g4 {[%emt 0:00:27]} Bg6 {[%emt 0:00:04]} 20. Nde4 {[%emt 0:00:09]} Nxe4 {[%emt 0:00:32]} 21. Bxe4 {[%emt 0:01:33]} Bxe4 {[%emt 0:00:51]} 22. Nxe4 {[%emt 0:00:19]} Rf4 {[%emt 0:00:15]} 23. Ng3 {[%emt 0:01:17]} Re8 {[%emt 0:00:22]} 24. Nh5 {[%emt 0:01:18]} Rd4 {[%emt 0:00:19]} 25. Rd1 {[%emt 0:01:09]} Rxd1+ {[%emt 0:00:17]} 26. Qxd1 {[%emt 0:00:04]} Rf8 {[%emt 0:00:02]} 27. Qd3+ {[%emt 0:00:18]} Kg8 {[%emt 0:00:03]} 28. Kg2 {[%emt 0:00:14]} Qf7 {[%emt 0:00:16]} 29. Rf3 {[%emt 0:00:13]} Qxf3+ {[%emt 0:01:00]} 30. Qxf3 {[%emt 0:00:04]} Rxf3 {[%emt 0:00:02]} 31. Kxf3 {[%emt 0:00:01]} e4+ {[%emt 0:00:10]} 32. Kxe4 {[%emt 0:00:06]} Bxb2 {[%emt 0:00:03]} 33. Kf5 {[%emt 0:00:08]} Kf7 {[%emt 0:00:02]} 34. f4 {[%emt 0:00:14]} Bc1 {[%emt 0:01:41]} 35. fxg5 {[%emt 0:00:13]} Bxg5 {[%emt 0:00:02]} 36. Ng3 {[%emt 0:00:10]} c6 {[%emt 0:01:26]} 37. Ne4 {[%emt 0:00:13]} Be7 {[%emt 0:00:03]} 38. h4 {[%emt 0:01:10]} cxd5 {[%emt 0:03:48]} 39. cxd5 {[%emt 0:00:04]} b5 {[%emt 0:00:02]} 40. g5 {[%emt 0:00:34]} hxg5 {[%emt 0:00:03]} 41. hxg5 {[%emt 0:00:37]} a5 {[%emt 0:00:31]} 42. g6+ {[%emt 0:00:20]} Kg7 {[%emt 0:00:03]} 43. Ke6 {[%emt 0:00:05]} Bf8 {[%emt 0:00:48]} 44. Nxd6 {[%emt 0:00:55]} b4 {[%emt 0:00:19]} 45. Nf5+ {[%emt 0:00:18]} Kxg6 {[%emt 0:00:38]} 46. d6 {[%emt 0:00:03]} Bxd6 {[%emt 0:00:10]} 47. Nxd6 {[%emt 0:00:02]} a4 {[%emt 0:00:09]} 48. Nc4 {[%emt 0:00:19]} a3 {[%emt 0:00:12]} 49. Nd2 {[%emt 0:00:15]} Kg5 {[%emt 0:00:05]} 50. Kd5 {[%emt 0:00:10]} Kf4 {[%emt 0:00:01]} 51. Kc4 {[%emt 0:00:02]} Ke3 {[%emt 0:00:02]} 52. Nb1 {[%emt 0:00:05]} Ke4 {[%emt 0:00:06]} 53. Kxb4 {[%emt 0:00:02]} Kd5 {[%emt 0:00:02]} 54. Nxa3 {[%emt 0:00:02]} Kc6 {[%emt 0:00:02]} 55. Nb5 {[%emt 0:00:02]} Kb6 {[%emt 0:00:01]} 56. a4 {[%emt 0:00:01]} 1-0

[Event "Gaprindashvili Cup Open II Stage 2020"]
[Site "Online"]
[Date "2020.11.08"]
[Round "5.1"]
[White "Mchedlishvili, Mikheil"]
[Black "Paichadze, Luka"]
[Result "0-1"]
[WhiteElo "2570"]
[BlackElo "2565"]
[Annotator "TA"]
[PlyCount "106"]
[EventDate "2020.11.04"]
[EventType "swiss"]
[SourceTitle "playchess.com"]
[Source "ChessBase"]
[SourceQuality "1"]

{[%evp 9,106,20,43,37,66,26,58,45,56,42,47,54,51,51,68,62,69,31,54,46,59,-2,30,17,54,56,67,47,47,43,36,16,45,12,12,0,0,0,0,0,0,-75,-72,-84,-100,-99,-90,-115,-105,-97,-102,-111,-112,-152,-123,-216,-213,-212,-194,-187,-187,-291,-284,-282,-267,-267,-267,-275,-267,-806,-806,-806,-792,-774,-774,-774,-752,-658,-810,-5512,-5446,-5487,-5398,-4583,-2927,-29967,-29968,-5102,-5097,-29974,-29975,-29974,-29975,-29975,-29976,-29976,-29974,-29972,-29967]} 1. e4 c6 2. d4 d5 3. e5 Bf5 4. Nf3 e6 5. Be2 Nh6 6. O-O {B12: Caro-Kann: Advance Variation.} Bg6 7. Nbd2 {[%cal Bb1d2,Bd2b3,Bb3c1,Bc1e2,Be2f4][%mdl 32]} (7. Bxh6 $5 gxh6 8. c4 $14) 7... Be7 8. Nb3 {White is slightly better.} O-O 9. c3 Nd7 10. Bxh6 gxh6 11. Qd2 Kg7 12. Nc1 c5 {[#]} 13. Bd3 $146 ({Predecessor:} 13. Nd3 Qb6 14. a3 cxd4 15. cxd4 a5 16. Nf4 Rfc8 17. Rac1 Rc6 18. a4 Rac8 19. Bb5 {½-½ (41) Svidler,P (2765)-Sakaev,K (2649) Paris 2006}) 13... Qa5 14. Qe3 Qb6 15. Rb1 ({White should try} 15. b3 $14) 15... Rac8 16. Ne2 cxd4 17. cxd4 Nb8 {[%cal Bd7b8,Bb8c6,Bc6b4][%mdl 32]} 18. Nf4 Nc6 19. b4 a5 20. bxa5 Qa7 21. a6 bxa6 22. Rbd1 Nb4 23. Bb1 $1 Rc7 24. Rc1 Rfc8 25. Rxc7 (25. g4 $11) 25... Qxc7 $17 {Black converts the advantage convincingly.} 26. h4 Qc3 27. Qe2 Qa3 28. Nxg6 hxg6 29. h5 g5 30. Rd1 Rc1 31. Ne1 Qc3 32. Kf1 (32. Nf3 $17) 32... a5 $19 33. a4 Bd8 34. Nf3 Bb6 35. g4 (35. g3 {was necessary.}) 35... Nc6 36. Kg2 {intending Rxc1.} Rxd1 37. Qxd1 Nxd4 ({Don't do} 37... Bxd4 38. Qd3 $19) 38. Nxd4 Bxd4 ({Don't play} 38... Qxd4 39. Qxd4 Bxd4 40. Kf3 $19) 39. Qd3 $2 {[#]} (39. Bd3) 39... Qxd3 40. Bxd3 Bxe5 {[%mdl 4096] Endgame KB-KB} 41. Kf3 Bf4 42. Ke2 Kf6 43. Bh7 Ke5 44. f3 f5 45. gxf5 exf5 46. Bg8 g4 47. fxg4 fxg4 48. Bf7 d4 49. Bc4 Be3 {Black mates.} 50. Bb5 Kf4 51. Bd7 Kg5 52. Be8 Kh4 53. Bg6 g3 {Av CentiPawn Loss W=459/B=-28. Weighted=335/-14} 0-1

[Event "Gaprindashvili Cup Open II Stage 2020"]
[Site "Online"]
[Date "2020.11.08"]
[Round "5.2"]
[White "Jojua, Davit"]
[Black "Pantsulaia, Levan"]
[Result "1-0"]
[WhiteElo "2557"]
[BlackElo "2553"]
[Annotator "TA"]
[PlyCount "101"]
[EventDate "2020.11.04"]
[EventType "swiss"]
[SourceTitle "playchess.com"]
[Source "ChessBase"]
[SourceQuality "1"]

{[%evp 22,100,75,73,83,89,100,101,100,97,164,170,155,139,129,57,35,66,37,-59,-36,-108,-65,-94,-90,-99,-95,-145,-138,-137,-136,-145,-129,-166,-93,-92,-94,-203,-211,-298,-320,-352,-337,-333,-347,-429,-429,-418,-424,-483,-471,-493,-483,-650,-679,-704,-580,-695,-672,-637,-610,-598,-591,-568,-555,-508,0,-795,-805,-1747,105,-543,-379,-512,-518,-476,-493,-458,0,0,29999]} 1. d4 Nf6 2. c4 c5 3. d5 e6 4. Nc3 exd5 5. cxd5 d6 6. Nf3 g6 7. h3 Bg7 8. e4 O-O 9. Bd3 Na6 10. O-O Nc7 11. Re1 Rb8 12. a4 a6 {A70: Modern Benoni: 6 e4 g6 7 Nf3.} 13. Bg5 h6 14. Bf4 b5 {White is better.} 15. axb5 {[#]} Nxb5 $146 (15... axb5 $16 16. Qd2 b4) ({Predecessor:} 15... axb5 16. Qd2 Kh7 17. Bxd6 Qxd6 18. e5 Qd8 19. d6 Nfe8 20. dxc7 Nxc7 21. Rad1 Qe7 {½-½ (48) Browne,W (2515)-Hernandez Guerrero,G (2480) Linares 1992}) 16. Bxb5 $18 axb5 {[%cal Ba6b5,Bb5b4][%mdl 32]} 17. e5 Ne8 18. Qd2 (18. exd6 $16 Nxd6 19. Ne5) 18... g5 $14 19. Bg3 f5 20. e6 (20. exf6 $1 $14 Nxf6 21. Ra7) 20... Qe7 $15 21. Rad1 (21. Bh2 $15) 21... b4 $17 22. Na4 Rb5 23. Qd3 Nc7 24. Be5 dxe5 25. Nxe5 Bxe5 26. Rxe5 c4 $1 {[%cal Rc4d3]} 27. Qxc4 {aiming for d6.} Qd6 (27... Rd8 $1 $19 28. Rd3 Ba6) 28. Ree1 Re8 {[%cal Rb5d5]} 29. e7 (29. Rc1 $17 Re7 30. Qc6 Rxd5 31. Nb6 Qxc6 32. Rxc6) 29... Bd7 $19 (29... Rxd5 30. Rc1 $17) 30. b3 (30. Rc1 {is the only way for White.} Rxd5 {[%mdl 64] Discovered Attack} 31. Nc5) 30... Kf7 (30... Nxd5 31. Nb6 $11) 31. Rc1 Nxd5 32. Nc5 Rxe7 33. Nxd7 Rxe1+ (33... Qxd7 34. Rxe7+ Kxe7 35. Ra1 $19) 34. Rxe1 Qxd7 35. Re5 Ra5 36. Qd4 Kg6 37. g4 fxg4 38. hxg4 Qf7 39. Rf5 Qe6 40. Re5 Qd7 41. Qe4+ Kg7 42. Qd4 {Threatening mate with Re7+!} Kf7 43. Rf5+ Kg6 $2 (43... Kg8 $19 {And now ...Qc6 would win.} 44. Qe5 Rb5) 44. Qh8 $2 {[%mdl 8192]} (44. Re5 $11 Qc6 45. Qd3+ Kg7 46. Qd4) 44... Qe6 45. Qd4 {[#]} Rb5 $2 {[#]} (45... Nf4 $1 $19 {[%mdl 512] ( -> ...Ne2+)} 46. Qd1 Rxf5 47. gxf5+ Qxf5) 46. Re5 $2 {[%mdl 8192]} (46. Qd3 $1 $16 {is necessary to keep the advantage.} Nf4 47. Rxf4+ (47. Qxb5 Qe1+ 48. Qf1 Ne2+ 49. Kg2 Nf4+ 50. Kg1 Ne2+ 51. Kg2 Nf4+ 52. Rxf4 Qxf1+ 53. Kxf1 gxf4 $11) 47... Kg7 48. Rd4 (48. Qxb5 gxf4 49. Qxb4 Qxg4+ 50. Kf1 h5 $11) 48... Qe1+ 49. Kg2) 46... Qd6 47. Qe4+ {[#]} Kg7 $1 {Threatens to win with ...Nc3.} 48. Qd4 {Re7+! would kill now.} Kf7 49. Rf5+ Ke6 $2 (49... Ke8 $19 {Strongly threatening ...Rc5.} 50. Qh8+ Kd7) 50. Qg7 $11 {[%csl Gf5][%cal Rg7f7]} Rc5 $2 {[%mdl 8192]} (50... Qc5 $11 51. Qe5+ (51. Qxh6+ Kd7 $17) 51... Kd7 52. Rf7+ Kc6 53. Qe8+ Kb6 54. Qb8+ Kc6 55. Qc8+ Kd6 56. Rd7+ Ke5 57. Qe8+ Kf4 58. Rf7+ Kxg4 59. Qe6+ {[%mdl 64] Double Attack} Kh5 60. Qh3+ Kg6 61. Qe6+ Kh5 62. Qh3+ Kg6 63. Qe6+ Kh5) 51. Qf7# {What a bad dream for Black. Av CentiPawn Loss W=-15/B=-87. Weighted=-12/-137} 1-0